Desempeño de estructuras de acero tipo marco y tipo marco arriostrado diseñadas por capacidad según el código sísmico de Costa Rica 2002
Պահպանված է:
| Հիմնական հեղինակ: | |
|---|---|
| Ձևաչափ: | Գիրք |
| Հրապարակվել է: |
[San José], Costa Rica
2010
|
| Խորագրեր: | |
| Ցուցիչներ: |
Ավելացրեք ցուցիչ
Չկան պիտակներ, Եղեք առաջինը, ով նշում է այս գրառումը!
|
MARC
| LEADER | 00000nam a2200000Ia 4500 | ||
|---|---|---|---|
| 003 | 001559 | ||
| 005 | 20221231144040.0 | ||
| 008 | 140114s2010 cr a 000 ||s d | ||
| 040 | |c cru CEDI | ||
| 090 | |a TFG 6073 | ||
| 100 | |a Fallas Gamboa, Allan David |9 3282 | ||
| 245 | |a Desempeño de estructuras de acero tipo marco y tipo marco arriostrado diseñadas por capacidad según el código sísmico de Costa Rica 2002 | ||
| 260 | |c 2010 |b [San José], Costa Rica | ||
| 500 | |a Tesis (licenciatura en ingeniería civil)--Universidad de Costa Rica. Facultad de Ingeniería. Escuela de Ingeniería Civil | ||
| 650 | |x EDIFICIOS ALTOS |x ACERO DE CONSTRUCCION |x RESISTENCIA A LOS TERREMOTOS |x DISEÑO DE ESTRUCTURAS |x CODIGO SISMICO |x INVESTIGACIONES |x COSTA RICA |9 3283 | ||
| 942 | |c TFG | ||
| 999 | |c 16142 |d 16142 | ||
